| 000 | 01024 a2200229 4500 | ||
|---|---|---|---|
| 003 | Nust | ||
| 005 | 20221018125613.0 | ||
| 010 | _a 91025456 | ||
| 020 | _a0138559414 | ||
| 040 | _cNust | ||
| 082 | 0 | 0 | _a620.0011,OGA |
| 100 | 1 | _aOgata, Katsuhiko. | |
| 245 | 1 | 0 |
_aSystem dynamics / _cKatsuhiko Ogata. |
| 250 | _a2nd ed. | ||
| 260 |
_aEnglewood Cliffs, N.J. : _bPrentice-Hall, _cc1992. |
||
| 300 |
_aviii, 712 p. : _bill. ; _c25 cm. |
||
| 505 | _aIntroduction (Page-1), Background Materials for System Analysis and Design (Page-7), Mechanical Systems (Page-77), Electrical Systems (Page-157), Electromechanical Systems (Page-214), Mathematical Medeling of Dynamic Systems in State Space (Page-286), Linear Systems Analysis in the time Domain (Page-379), Linear Systems Analysis in the Frequency Domain (Page-452), Feedback Control Systems (Page-517), Discrete-Time Systems (Page-588). | ||
| 650 | 0 | _aDynamics. | |
| 650 | 0 |
_aEngineering _xMathematical models. |
|
| 650 | 0 |
_aSystem analysis. _92233 |
|
| 942 |
_cREF _2ddc |
||
| 999 |
_c175448 _d175448 |
||